| 000 | 00623nam a2200229 a 4500 | ||
|---|---|---|---|
| 001 | BRCA_7933 | ||
| 005 | 20190320210046.0 | ||
| 008 | 070314s1969----gw-a###f##---#001-0#ger-# | ||
| 041 | _ager | ||
| 044 | _agw | ||
| 050 | 4 |
_aNK4215 _b.J65 _c1969 |
|
| 100 | 1 |
_aJonge, C. H. de _919635 |
|
| 245 | 1 | 0 |
_aDelfter Keramik _cC. H. de Jonge. |
| 260 |
_aTübingen _bWasmuth _c1969 |
||
| 300 |
_a168 p. _bil. a color, 20 láminas _c26 cm. |
||
| 500 | _a3015 | ||
| 504 | _aBibliografía p.168 | ||
| 650 | 1 | 4 |
_aCerámica _vTécnicas regionales _919636 |
| 650 | 1 | 4 |
_aCerámica _vMarcas _zAlemania _919637 |
| 902 | _aGFM | ||
| 942 |
_2lcc _cB |
||
| 999 |
_c7603 _d7603 |
||